000
00230nam a22001097a 4500
082
_a
621.1CHH
100
_a
Chhalotra
245
_a
Electrical Engineering Machines
260
_a
Dehli
_b
Khana
_c
1984
300
_a
507
942
_c
BK
999
_c
13495
_d
13495